Drafting for industry / (Record no. 9998)
[ view plain ]
| 000 -LEADER | |
|---|---|
| fixed length control field | 00710pam a2200253 i 4500 |
| 001 - CONTROL NUMBER | |
| JCCL Control Number | 9998 |
| 003 - CONTROL NUMBER IDENTIFIER | |
| JCCL marc code | BD-JhCC |
| 005 - DATE AND TIME OF LATEST TRANSACTION | |
| control field | 20180404104949.0 |
| 008 - FIXED-LENGTH DATA ELEMENTS--GENERAL INFORMATION | |
| fixed length control field | 180404s1981 ilua 001 0 eng |
| 020 ## - INTERNATIONAL STANDARD BOOK NUMBER | |
| Cancelled/invalid ISBN | 087006320X |
| 035 ## - SYSTEM CONTROL NUMBER | |
| system control number | (BD-JhCC)9998 |
| 040 ## - CATALOGING SOURCE | |
| Original cataloging agency | DLC |
| Transcribing agency | DLC |
| Modifying agency | DLC |
| -- | BD-JhCC |
| 041 ## - LANGUAGE CODE | |
| Language code of Book | eng |
| 050 00 - LIBRARY OF CONGRESS CALL NUMBER | |
| Classification number | T353 |
| Item number | .B873 1981 |
| 082 00 - DEWEY DECIMAL CLASSIFICATION NUMBER | |
| Classification number | 604.2/4 |
| DDC Edition number | 19 |
| Author mark and Year | BRO 1981 |
| 100 1# - MAIN ENTRY--PERSONAL NAME | |
| Personal name | Brown, Walter C. |
| Fuller form of name | (Walter Charles), |
| Dates associated with a name | 1918-2000. |
| 245 10 - TITLE STATEMENT | |
| Title | Drafting for industry / |
| Statement of responsibility, etc | by Walter C. Brown. |
| 260 ## - PUBLICATION, DISTRIBUTION, ETC. (IMPRINT) | |
| Place of publication, distribution, etc | South Holland, Ill. : |
| Name of publisher, distributor, etc | Goodheart-Willcox Co., |
| Date of publication, distribution, etc | c1981. |
| 300 ## - PHYSICAL DESCRIPTION | |
| Pagination | 616 p. : |
| Other physical details | ill. ; |
| Dimensions | 29 cm. |
| 500 ## - GENERAL NOTE | |
| General note | Includes index. |
| 650 #0 - SUBJECT ADDED ENTRY--TOPICAL TERM | |
| Topical term or geographic name as entry element | Mechanical drawing. |
| 942 ## - ADDED ENTRY ELEMENTS (KOHA) | |
| Source of classification or shelving scheme | Dewey Decimal Classification |
| Koha item type | Reference |
| Source of classification or shelving scheme | Damaged status | Not for loan | Home library | Current library | Shelving location | Date of accession | Total Checkouts | Full call number | Barcode | Date last seen | Copy number | Koha item type |
|---|---|---|---|---|---|---|---|---|---|---|---|---|
| Dewey Decimal Classification | JCC Rouf Library | JCC Rouf Library | General Stacks | 04/04/2018 | 604.2/4 BRO 1981 | 11241 | 04/04/2018 | C-1 | Reference |